Podział administracyjny Polski i jej sąsiadów - Statystyki

Ogólne statystyki
  • Ten quiz został rozwiązany 24 razy
  • Średni wynik to 75 z 97
Odpowiedzi na mapie
Odpowiedzi zakodowano w zielono-czerwonej skali na mapie do tego quizu, zgodnie z poniższymi procentami.
 
Statystyki odpowiedzi
Państwo Rodzaj Jednostka podziału administracyjnego % Poprawnych
Niemcy Kraj związkowy Bawaria
100%
Polska Województwo Dolnośląskie
100%
Polska Województwo Kujawsko-pomorskie
100%
Polska Województwo Łódzkie
100%
Polska Województwo Lubelskie
100%
Polska Województwo Lubuskie
100%
Polska Województwo Małopolskie
100%
Polska Województwo Mazowieckie
100%
Białoruś Miasto Mińsk
100%
Polska Województwo Opolskie
100%
Polska Województwo Podkarpackie
100%
Polska Województwo Podlaskie
100%
Polska Województwo Pomorskie
100%
Czechy Miasto wydzielone Praga
100%
Polska Województwo Śląskie
100%
Polska Województwo Świętokrzyskie
100%
Polska Województwo Warmińsko-mazurskie
100%
Polska Województwo Wielkopolskie
100%
Litwa Okręg Wileński
100%
Polska Województwo Zachodniopomorskie
100%
Niemcy Kraj związkowy Berlin
95%
Słowacja Kraj Bratysławski
95%
Ukraina Obwód Charkowski
95%
Białoruś Obwód Grodzieński
95%
Niemcy Kraj związkowy Hamburg
95%
Rosja Obwód Kaliningradzki
95%
Litwa Okręg Kłajpedzki
95%
Litwa Okręg Kowieński
95%
Ukraina Obwód Lwowski
95%
Niemcy Kraj związkowy Szlezwik-Holsztyn
95%
Białoruś Obwód Brzeski
90%
Ukraina Miasto wydzielone Kijów
90%
Ukraina Obwód Kijowski
90%
Białoruś Obwód Miński
90%
Ukraina Obwód Odeski
90%
Niemcy Kraj związkowy Saksonia
90%
Niemcy Kraj związkowy Brandenburgia
85%
Niemcy Kraj związkowy Brema
85%
Słowacja Kraj Koszycki
85%
Niemcy Kraj związkowy Meklemburgia-Pomorze Przednie
85%
Niemcy Kraj związkowy Nadrenia-Palatynat
85%
Niemcy Kraj związkowy Badenia-Wirtembergia
80%
Niemcy Kraj związkowy Dolna Saksonia
80%
Ukraina Obwód Doniecki
80%
Białoruś Obwód Homelski
80%
Czechy Kraj samorządowy Morawsko-śląski
80%
Niemcy Kraj związkowy Nadrenia Północna-Westfalia
80%
Czechy Kraj samorządowy Południowomorawski
80%
Niemcy Kraj związkowy Saara
80%
Niemcy Kraj związkowy Saksonia-Anhalt
80%
Niemcy Kraj związkowy Turyngia
80%
Ukraina Obwód Dniepropetrowski
75%
Niemcy Kraj związkowy Hesja
75%
Czechy Kraj samorządowy Pilzneński
75%
Ukraina Obwód Rówieński
75%
Białoruś Obwód Witebski
75%
Ukraina Obwód Zakarpacki
75%
Ukraina Obwód Zaporoski
75%
Słowacja Kraj Bańskobystrzycki
70%
Ukraina Obwód Ługański
70%
Białoruś Obwód Mohylewski
70%
Słowacja Kraj Nitrzański
70%
Słowacja Kraj Preszowski
70%
Ukraina Obwód Tarnopolski
70%
Ukraina Obwód Wołyński
70%
Słowacja Kraj Żyliński
70%
Czechy Kraj samorządowy Liberecki
65%
Litwa Okręg Mariampolski
65%
Czechy Kraj samorządowy Ołomuniecki
65%
Czechy Kraj samorządowy Południowoczeski
65%
Słowacja Kraj Trnawski
65%
Ukraina Obwód Winnicki
65%
Ukraina Obwód Chersoński
60%
Ukraina Obwód Czerkaski
60%
Ukraina Obwód Iwanofrankowski
60%
Czechy Kraj samorządowy Karlowarski
60%
Czechy Kraj samorządowy Pardubicki
60%
Czechy Kraj samorządowy Środkowoczeski
60%
Litwa Okręg Szawelski
60%
Słowacja Kraj Trenczyński
60%
Ukraina Obwód Żytomierski
60%
Ukraina Obwód Chmielnicki
55%
Ukraina Obwód Czernihowski
55%
Czechy Kraj samorządowy Hradecki
55%
Ukraina Obwód Mikołajowski
55%
Litwa Okręg Olicki
55%
Ukraina Obwód Sumski
55%
Czechy Kraj samorządowy Ustecki
55%
Czechy Kraj samorządowy Wysoczyna
55%
Czechy Kraj samorządowy Zliński
55%
Litwa Okręg Poniewieski
50%
Ukraina Obwód Czerniowiecki
45%
Ukraina Obwód Połtawski
45%
Litwa Okręg Tauroski
45%
Litwa Okręg Uciański
45%
Litwa Okręg Telszański
30%
Ukraina Obwód Kirowohradzki
20%
Nie znaleziono quizów pasujących do podanych kryteriów
Rozkład punktacji
Procent ludzi z każdym wynikiem
Percentyl według liczby udzielonych odpowiedzi
Twoja historia wyników
Nie rozwiązałeś tego quizu